00258nam a2200109Ia 4500100001900000654001300019245004700032260003600079082001300115300000800128546001200136 aEliens/ Anton  aComputer aPrinciples of Object Oriented Software bADDISON WESLEYaWokinghamc1995 a5.1bELI a513 aENGLISH